000 00418nam a2200157Ia 4500
008 210210b1970 xxu||||| |||| 00| 0 eng d
082 _a545 ROBU
100 _aROBINSON (James W).
245 _aUndergraduate instrumental analysis. Ed2.
250 _a
260 _aNew York
_bMarcel Dekker
_c1970
300 _axvii,379
650 _aInstrumental Analysis
690 _aQuantitative Chemistry
906 _aSG00571
999 _c112230
_d112230